[Event "Zaragoza Province-ch Primera"]
[Site "Zaragoza"]
[Date "2015.10.04"]
[Round "2"]
[White "Manguez Tomas, Andres"]
[Black "Llucia Marco, Luis"]
[Result "1-0"]
[WhiteElo "1744"]
[BlackElo "1583"]
[PlyCount "65"]
[EventDate "2015.09.27"]
[EventType "swiss"]
[EventRounds "6"]
[EventCountry "ESP"]
[SourceTitle "CBM 170 Extra"]
[Source "ChessBase"]
[SourceDate "2016.02.25"]
[SourceVersion "1"]
[SourceVersionDate "2016.02.25"]
[SourceQuality "1"]

1. e4 e5 2. Nf3 Nc6 3. Bc4 Bc5 4. 0-0 Nf6 5. d3 0-0 6. Bg5 d6 7. h3 Na5 8. Nbd2 Nxc4 9. Nxc4 Re8 10. c3 Be6 11. Ne3 h6 12. Bh4 a6 13. Qe2 Bxe3 14. fxe3 c5 15. d4 Qc7 16. Bxf6 gxf6 17. d5 Bxh3 18. gxh3 Kh7 19. Kh2 Rg8 20. Nh4 Qd8 21. Rg1 Rg5 22. Rxg5 fxg5 23. Nf5 Qf6 24. Qh5 Rg8 25. Rf1 Rg6 26. Rf3 g4 27. hxg4 Rg5 28. Qh4 Rg6 29. Qxf6 Rxf6 30. Kg3 Kg6 31. Ne7+ Kg7 32. Rxf6 Kxf6 33. Nf5 1-0

[Event "Aragon-ch Seniors"]
[Site "Zaragoza"]
[Date "2015.05.30"]
[Round "7"]
[White "Llucia Marco, Luis"]
[Black "Gimeno Royo, Jose Andres"]
[Result "0-1"]
[WhiteElo "1637"]
[BlackElo "1714"]
[PlyCount "48"]
[EventDate "2015.04.18"]
[EventType "swiss"]
[EventRounds "8"]
[EventCountry "ESP"]
[SourceTitle "EXT 2017"]
[Source "ChessBase"]
[SourceDate "2016.10.25"]
[SourceVersion "1"]
[SourceVersionDate "2016.10.25"]
[SourceQuality "1"]

1. e4 d5 2. exd5 Nf6 3. Nf3 Nxd5 4. c4 Nb6 5. Nc3 Bg4 6. h3 Bh5 7. b3 e6 8. Be2 Be7 9. 0-0 0-0 10. d4 Bf6 11. Be3 Nc6 12. g4 Bg6 13. Rc1 Re8 14. g5 Be7 15. h4 Qc8 16. Bd3 e5 17. Bxg6 Qg4+ 18. Kh1 hxg6 19. Rg1 Qh3+ 20. Nh2 exd4 21. Bxd4 Rad8 22. Rg4 Bd6 23. f4 Nxd4 24. Qxd4 Ba3 0-1

[Event "Aragon-ch Seniors"]
[Site "Zaragoza"]
[Date "2015.05.09"]
[Round "4"]
[White "Llucia Marco, Luis"]
[Black "Ocabo Vera, Pedro Aristides"]
[Result "0-1"]
[WhiteElo "1637"]
[BlackElo "1777"]
[PlyCount "64"]
[EventDate "2015.04.18"]
[EventType "swiss"]
[EventRounds "8"]
[EventCountry "ESP"]
[SourceTitle "EXT 2017"]
[Source "ChessBase"]
[SourceDate "2016.10.25"]
[SourceVersion "1"]
[SourceVersionDate "2016.10.25"]
[SourceQuality "1"]

1. e4 d6 2. d4 g6 3. Nf3 Bg7 4. Bc4 Nc6 5. Be3 Nf6 6. Nc3 0-0 7. h3 h6 8. Qd2 Kh7 9. 0-0-0 a6 10. g4 b5 11. g5 bxc4 12. gxh6 Bh8 13. Ng5+ Kg8 14. h7+ Nxh7 15. Nxh7 Kxh7 16. h4 Bg4 17. Rdg1 Bh5 18. f4 f5 19. exf5 Rxf5 20. Rg5 Qd7 21. Qg2 Rb8 22. Rg1 Rxg5 23. Qxg5 Nxd4 24. Qd5 Nf5 25. Qf7+ Bg7 26. Ne4 Qb5 27. b3 cxb3 28. Ng5+ Kh6 29. Qg8 Bb2+ 30. Kb1 bxc2+ 31. Kxc2 Qe2+ 32. Bd2 Nd4+ 0-1

[Event "Aragon-ch Seniors"]
[Site "Zaragoza"]
[Date "2015.04.25"]
[Round "2"]
[White "Llucia Marco, Luis"]
[Black "Orti Stock, Carlos"]
[Result "0-1"]
[WhiteElo "1637"]
[BlackElo "1925"]
[PlyCount "86"]
[EventDate "2015.04.18"]
[EventType "swiss"]
[EventRounds "8"]
[EventCountry "ESP"]
[SourceTitle "EXT 2017"]
[Source "ChessBase"]
[SourceDate "2016.10.25"]
[SourceVersion "1"]
[SourceVersionDate "2016.10.25"]
[SourceQuality "1"]

1. e4 e5 2. Nf3 Nc6 3. d4 exd4 4. Nxd4 Bc5 5. Be3 Qf6 6. c3 Nge7 7. Be2 0-0 8. Qd2 d5 9. Nxc6 Qxc6 10. Bxc5 Qxc5 11. exd5 Nxd5 12. 0-0 Be6 13. Qg5 Qb6 14. b3 Rad8 15. Rd1 h6 16. Qg3 Rfe8 17. c4 Nf6 18. Nc3 c6 19. h3 Qb4 20. Kh2 Bf5 21. Rxd8 Rxd8 22. Rd1 Rxd1 23. Bxd1 Qe7 24. Qb8+ Kh7 25. Qf4 Bg6 26. Ne2 Qd7 27. Qd4 Qc7+ 28. g3 c5 29. Qe3 Qd6 30. Nc3 a6 31. Bf3 b6 32. Ne4 Nxe4 33. Bxe4 a5 34. Bxg6+ Kxg6 35. a4 Qd4 36. Kg2 Qxe3 37. fxe3 Kf5 38. Kf3 Ke5 39. h4 h5 40. g4 hxg4+ 41. Kxg4 Ke4 42. h5 Kxe3 43. Kf5 Kd4 0-1